=LDR 00000nam 2200000 4500 =001 INLIS000000000050706 =005 20170515013901 =035 ##$$a 0010-0517000359 =007 ta =008 170515###########################0###### =020 ##$$a 978-979-25-5311-6 =082 ##$$a 810 =084 ##$$a 810 UTA d =100 #$$a Utami, Tri =245 1#$$a Dunia Padmini /$c Tri Utami =250 ##$$a Cet.1 =260 ##$$a Yogyakarta :$b LKIS,$c 2010 =300 ##$$a xxiv, 254 hlm. ; $c 18 cm =650 ##$$a Sastra =990 ##$$a 84408440 =990 ##$$a 84408440 =990 ##$$a 31701199 =990 ##$$a 02201708440 =990 ##$$a 31701200 =990 ##$$a 31701199